Virtuální polytechnická knihovna - Souborný katalog - Úplný záznam dokumentu - MARC Uživatel: --- 
-----nas  22-----zu 4500
001 SKVPK0031865
003 CZ-VPK
005 20260422131751.0
008 260422d19371953||||| | |||  ||   |||||||
040   $aABA013$bcze
222  0$aOfficial architect and planning review
245 00$aOfficial architect and planning review \
260   $aVelká Británie :$bLondon : Chantry Publications,$c1937-1953
650 07$aarchitektura a urbanismus$xau$2psh
650 07$aekonomické vědy$xev$2psh
785 00$tOfficial architecture and planning
910   $aABA013$r1949-1952
OAI-PMH
 čtvrtek 14.05.2026 07:08:13 © 2001-2015 Národní technická knihovna 

[Virtuální polytechnická knihovna] [Servisní centrum] [Souborný katalog]